书目信息 |
| 题名: |
踏沙观海去旅行
|
|
| 作者: | 吕宁 主编 | |
| 分册: | ||
| 出版信息: | 北京 北京工业大学出版社 2015.4 |
|
| 页数: | 247页 | |
| 开本: | 24cm | |
| 丛书名: | ||
| 单 册: | ||
| 中图分类: | P942.007.3 | |
| 科图分类: | ||
| 主题词: | 沙漠--sha mo--旅游指南--中国 , 旅游指南--lv you zhi nan , 中国--zhong guo | |
| 电子资源: | ||
| ISBN: | 978-7-5639-4238-1 | |
| 000 | 00853nam0 22002531 450 | |
| 001 | 0120082031 | |
| 005 | 20170320085743.09 | |
| 010 | @a978-7-5639-4238-1@dCNY33.00 | |
| 100 | @a20150525d2015 em y0chiy50 ea | |
| 101 | 0 | @achi |
| 102 | @aCN@b110000 | |
| 105 | @aa z 000yy | |
| 106 | @ar | |
| 200 | 1 | @a踏沙观海去旅行@9ta sha guan hai qu lv hang@f吕宁主编 |
| 210 | @a北京@c北京工业大学出版社@d2015.4 | |
| 215 | @a247页@c彩照@d24cm | |
| 330 | @a本书共分为五个部分,以沙漠和大海为着眼点,详细地介绍了中国的几大沙漠和沙漠中的动植物,以及中国的最佳观海胜地和海边的一些常见动物。 | |
| 606 | 0 | @a沙漠@9sha mo@x旅游指南@y中国 |
| 606 | 0 | @a旅游指南@9lv you zhi nan |
| 606 | 0 | @a中国@9zhong guo |
| 690 | @aP942.007.3@v5 | |
| 701 | 0 | @a吕宁@9lv ning@c(女,@f1980~)@4主编 |
| 801 | 0 | @aCN@bTANGWEI@c20170308 |
| 905 | @b0955380-3@dP942.007.3@e162@f4 | |
| 踏沙观海去旅行/吕宁主编.-北京:北京工业大学出版社,2015.4 |
| 247页:彩照;24cm |
| ISBN 978-7-5639-4238-1:CNY33.00 |
| 本书共分为五个部分,以沙漠和大海为着眼点,详细地介绍了中国的几大沙漠和沙漠中的动植物,以及中国的最佳观海胜地和海边的一些常见动物。 |
| ● |
| 相关链接 |
|
|
|
|
正题名:踏沙观海去旅行
索取号:P942.007.3/162
 
预约/预借
| 序号 | 登录号 | 条形码 | 馆藏地/架位号 | 状态 | 备注 |
| 1 | 0955380 | 209553801 | 第二样本阅览室/ [索取号:P942.007.3/162] | 在馆 | |
| 2 | 0955381 | 209553810 | 第三借阅区/ [索取号:P942.007.3/162] | 在馆 | |
| 3 | 0955382 | 209553829 | 第三借阅区/ [索取号:P942.007.3/162] | 在馆 | |
| 4 | 0955383 | 209553838 | 第三借阅区/ [索取号:P942.007.3/162] | 在馆 |